| 000 | 00666nam a2200229 a 4500 | ||
|---|---|---|---|
| 005 | 20240203063602.0 | ||
| 008 | 040804s1981 mx r 000 0 spa d | ||
| 020 | _a8474440246 | ||
| 035 | _aUPN01000141726 | ||
| 049 | _aCG | ||
| 050 | 4 |
_aHQ1154 _bN5.9 1981 |
|
| 100 | 1 | _aNin, Anais | |
| 245 | 1 | 0 |
_aSer mujer / _bAnais Nin ; tr. Teresa Fernández Muro. |
| 250 | _a3a ed. | ||
| 260 |
_aMadrid : _bDebate, _c1981. |
||
| 300 | _a182 p. | ||
| 440 | 0 | _aTribuna feminista | |
| 534 |
_pTraducción de: _tIn favor of the sensitive man and other essays |
||
| 650 | 2 |
_aMujeres _xHistoria y condición de la mujer _91583 |
|
| 650 | 4 |
_aFeminismo _98967 |
|
| 905 | _aLibro | ||
| 999 |
_c113873 _d113873 |
||